| 000 | 00856nam a22002297a 4500 | ||
|---|---|---|---|
| 005 | 20110513112617.0 | ||
| 008 | 110513t xxu||||| |||| 00| 0 eng d | ||
| 010 | _aENG-102472 | ||
| 020 |
_a9788183334365 _c99.00 |
||
| 035 | _aEN-86005 | ||
| 037 | _bDBAD/PUB | ||
| 040 |
_adpl _bEng |
||
| 082 | _a004.67 | ||
| 100 |
_925528 _aJain, Satish |
||
| 245 |
_aInternet training guide : _cby Satish Jain [and] Kratika _bvisual approach to learning internet / |
||
| 260 |
_aNew Delhi _bBPB Publications _c2011 |
||
| 270 |
_aB-14, Connaught Place _bNew Delhi _e110001 _k23325760, 43526249 |
||
| 300 |
_aix, 91 p. : _c21cm (pbk) _bill |
||
| 700 |
_928039 _aKratika |
||
| 942 |
_2ddc _cEN _h004.67 _mJAI |
||
| 999 |
_c52427 _d52427 |
||